RAMSES [94] rapport annuel mondial sur le systéme économique et le stratégies
Gespeichert in:
| Format: | Buch |
|---|---|
| Sprache: | Französisch |
| Veröffentlicht: |
Paris
DUNOD
1993
|
| Schlagworte: | |
| Tags: |
Keine Tags, Fügen Sie das erste Tag hinzu!
|
MARC
| LEADER | 00000nam a2200000 4500 | ||
|---|---|---|---|
| 001 | c131171 | ||
| 005 | 20230120080025.6 | ||
| 020 | |a 2-10-001977-5 | ||
| 041 | 0 | |a fre | |
| 044 | |a FR | ||
| 245 | 1 | 0 | |a RAMSES [94] |b rapport annuel mondial sur le systéme économique et le stratégies |
| 264 | 1 | |a Paris |b DUNOD |c 1993 | |
| 300 | |a 484 s. | ||
| 610 | 2 | 0 | |a organizácie medzinárodné |
| 610 | 2 | 0 | |a systémy politické |
| 610 | 2 | 0 | |a globalizácia |
| 610 | 2 | 0 | |a spolupráca medzinárodná |
| 610 | 2 | 0 | |a situácia hospodárska |
| 610 | 2 | 0 | |a porovnanie medzinárodné |
| 610 | 2 | 0 | |a obdobie prechodné |
| 610 | 2 | 0 | |a problémy globálne |
| 610 | 2 | 0 | |a privatizácia |
| 610 | 2 | 0 | |a OSN |
| 610 | 2 | 0 | |a Afrika |
| 610 | 2 | 0 | |a Čína |
| 610 | 2 | 0 | |a Spoločenstvo nezávislých štátov |
| 610 | 2 | 0 | |a Ázia |
| 610 | 2 | 0 | |a Európa |
| 610 | 2 | 0 | |a údaje štatistické medzinárodné |